The noble scholar, jurist, historian


 His Excellency Dr. Abdul Wahhab bin Ibrahim Abu Sulaiman, may Allah have mercy on him.


 He was born in Umm Al-Qura in the year 1356 AH.

الكوكب الدري في تخريج الفروع الفقهية على المسائل النحوية / (Record no. 10990)

MARC details
000 -LEADER
fixed length control field 01572cam a22002891i 4500
003 - CONTROL NUMBER IDENTIFIER
control field SA-RiAUC
005 - DATE AND TIME OF LATEST TRANSACTION
control field 20250821043222.0
008 - FIXED-LENGTH DATA ELEMENTS--GENERAL INFORMATION
fixed length control field 250819s1984 ua g f000 0 ara c
040 ## - CATALOGING SOURCE
Original cataloging agency SA-JeALM
Language of cataloging ara
Transcribing agency SA-RiAUC
Description conventions rda
082 04 - DEWEY DECIMAL CLASSIFICATION NUMBER
Classification number 415.1
Assigning agency SA-RiAUC
090 ## - LOCALLY ASSIGNED LC-TYPE CALL NUMBER (OCLC); LOCAL CALL NUMBER (RLIN)
Classification number (OCLC) (R) ; Classification number, CALL (RLIN) (NR) 415.1
Local cutter number (OCLC) ; Book number/undivided call number, CALL (RLIN) ا س ن
100 1# - MAIN ENTRY--PERSONAL NAME
Personal name الإسنوي، عبد الرحيم بن الحسن بن علي،
Dates associated with a name 704-772 هجري
Relator term مؤلف.
245 12 - TITLE STATEMENT
Title الكوكب الدري في تخريج الفروع الفقهية على المسائل النحوية /
Statement of responsibility, etc. جمال الدين أبو محمد عبد الرحيم بن الحسن الإسنوي ؛ تحقيق عبد الرزاق السعدي ؛ مراجعة عبد الستار أبو غدة.
250 ## - EDITION STATEMENT
Edition statement الطبعة الأولى.
264 #1 - PRODUCTION, PUBLICATION, DISTRIBUTION, MANUFACTURE, AND COPYRIGHT NOTICE
Place of production, publication, distribution, manufacture القاهرة :
Name of producer, publisher, distributor, manufacturer وزارة الأوقاف والشؤون الإسلامية،
Date of production, publication, distribution, manufacture, or copyright notice 1984.
300 ## - PHYSICAL DESCRIPTION
Extent 622 صفحة ؛
Dimensions 24 سم
336 ## - CONTENT TYPE
Content type term نص
Content type code txt
Source rdacontent
Materials specified كتاب
337 ## - MEDIA TYPE
Media type term بدون وسيط
Media type code n
Source rdamedia
338 ## - CARRIER TYPE
Carrier type term مجلد
Carrier type code nc
Source rdacarrier
490 ## - SERIES STATEMENT
Series statement اعمال موسوعية مساعدة
Volume/sequential designation 5
650 #7 - SUBJECT ADDED ENTRY--TOPICAL TERM
Topical term or geographic name entry element اللغة العربية
General subdivision نحو
Source of heading or term aucsh
700 12 - ADDED ENTRY--PERSONAL NAME
Relationship information تحقيق لـ :
Personal name الإسنوي، عبد الرحيم بن الحسن بن علي،
Dates associated with a name 704-772 هجري.
Title of a work الكوكب الدري في تخريج الفروع الفقهية على المسائل النحوية
700 1# - ADDED ENTRY--PERSONAL NAME
Personal name السعدي، عبد الرزاق
Relator term محقق.
700 1# - ADDED ENTRY--PERSONAL NAME
Personal name أبو غدة، عبد الستار،
Dates associated with a name 1940-2020
Relator term مراجع.
942 ## - ADDED ENTRY ELEMENTS (KOHA)
Source of classification or shelving scheme Dewey Decimal Classification
Koha item type Books
Suppress in OPAC No
949 ## - LOCAL PROCESSING INFORMATION (OCLC)
a SA-JeALM
d 250819
u osman123
n 1
Holdings
Withdrawn status Lost status Source of classification or shelving scheme Damaged status Not for loan Home library Current library Date acquired Total checkouts Full call number Barcode Date last seen Price effective from Koha item type
    Dewey Decimal Classification     DR AbdElwahab Library DR AbdElwahab Library 08/21/2025   415.1 ا س ن 000017836 08/21/2025 08/21/2025 Books